<?xml version="1.0" encoding="UTF-8"?>
<record
    xmlns:xsi="http://www.w3.org/2001/XMLSchema-instance"
    xsi:schemaLocation="http://www.loc.gov/MARC21/slim http://www.loc.gov/standards/marcxml/schema/MARC21slim.xsd"
    xmlns="http://www.loc.gov/MARC21/slim">

  <leader>01083nam a22002057a 4500</leader>
  <controlfield tag="003">LK-CoMWRAF</controlfield>
  <controlfield tag="005">20260224155244.0</controlfield>
  <controlfield tag="008">260224b        |||||||| |||| 00| 0 eng d</controlfield>
  <datafield tag="020" ind1=" " ind2=" ">
    <subfield code="a">9789556250589</subfield>
  </datafield>
  <datafield tag="040" ind1=" " ind2=" ">
    <subfield code="a">LK-CoMWRAF</subfield>
    <subfield code="d">LK-CoMWRAF</subfield>
    <subfield code="e">LK-CoMWRAF</subfield>
  </datafield>
  <datafield tag="082" ind1=" " ind2=" ">
    <subfield code="a">340.59</subfield>
    <subfield code="b">TEG</subfield>
  </datafield>
  <datafield tag="100" ind1=" " ind2=" ">
    <subfield code="a">&#xB9F;&#xBC6;&#xB95;&#xBB2;&#xBCD;, &#xB8E;&#xBB0;&#xBCD;&#xBAE;&#xBBF;&#xB9A;&#xBBE;</subfield>
  </datafield>
  <datafield tag="110" ind1=" " ind2=" ">
    <subfield code="a">&#xBAA;&#xBBF;&#xBAF;&#xBA4;&#xBBE;&#xB9A;&#xBBE;, &#xBA4;&#xBBF;&#xBAF;&#xBBE;&#xB95;&#xBBF;</subfield>
  </datafield>
  <datafield tag="245" ind1=" " ind2=" ">
    <subfield code="a">&#xB87;&#xBB2;&#xB99;&#xBCD;&#xB95;&#xBC8;&#xBAF;&#xBBF;&#xBB2;&#xBCD; &#xB95;&#xBC1;&#xB9F;&#xBC1;&#xBAE;&#xBCD;&#xBAA; &#xB9A;&#xB9F;&#xBCD;&#xB9F; &#xBAE;&#xBC1;&#xBB1;&#xBC8;&#xBAE;&#xBC8;&#xB95;&#xBB3;&#xBC8; &#xBAE;&#xBC0;&#xBB1;&#xBCD;&#xBB5;&#xB9F;&#xBBF;&#xBB5;&#xBAE;&#xBC8;&#xBA4;&#xBCD;&#xBA4;&#xBB2;&#xBCD;</subfield>
    <subfield code="b">&#xBAA;&#xBCA;&#xBA4;&#xBC1;&#xB9A;&#xBCD; &#xB9A;&#xB9F;&#xBCD;&#xB9F;&#xBA4;&#xBCD;&#xBA4;&#xBBF;&#xBA9;&#xBCD; &#xB95;&#xBC0;&#xBB4;&#xBC1;&#xBAE;&#xBCD; &#xBAE;&#xBC1;&#xBB8;&#xBCD;&#xBB2;&#xBBF;&#xBAE;&#xBCD; &#xBA4;&#xBBF;&#xBB0;&#xBC1;&#xBAE;&#xBA3;, &#xBB5;&#xBBF;&#xBB5;&#xBBE;&#xB95;&#xBB0;&#xBA4;&#xBCD;&#xBA4;&#xBC1;&#xB9A;&#xBCD; &#xB9A;&#xB9F;&#xBCD;&#xB9F;&#xBA4;&#xBCD;&#xBA4;&#xBBF;&#xBA9;&#xBCD; &#xB95;&#xBC0;&#xBB4;&#xBC1;&#xBAE;&#xBCD; &#xBB5;&#xBBF;&#xBB5;&#xBBE;&#xB95;&#xBB0;&#xBA4;&#xBCD;&#xBA4;&#xBC1; &#xBA4;&#xBCA;&#xB9F;&#xBB0;&#xBCD;&#xBAA;&#xBBE;&#xBA9; &#xBA8;&#xB9F;&#xBAA;&#xB9F;&#xBBF;&#xBAE;&#xBC1;&#xBB1;&#xBC8;&#xB95;&#xBB3;&#xBC8; &#xB86;&#xBB0;&#xBBE;&#xBAF;&#xBC1;&#xBAE;&#xBCD; &#xB86;&#xBAF;&#xBCD;&#xBB5;&#xBC1; </subfield>
  </datafield>
  <datafield tag="260" ind1=" " ind2=" ">
    <subfield code="a">Colombo :</subfield>
    <subfield code="b">Muslim women's research and action forum,</subfield>
    <subfield code="c">2023</subfield>
  </datafield>
  <datafield tag="300" ind1=" " ind2=" ">
    <subfield code="a">52p. : 24cm.</subfield>
  </datafield>
  <datafield tag="650" ind1=" " ind2=" ">
    <subfield code="a">Family Law--Sri Lanka</subfield>
  </datafield>
  <datafield tag="650" ind1=" " ind2=" ">
    <subfield code="a">Family Law--Marriages--Divorce--Act</subfield>
  </datafield>
  <datafield tag="942" ind1=" " ind2=" ">
    <subfield code="c">BK</subfield>
  </datafield>
  <datafield tag="952" ind1=" " ind2=" ">
    <subfield code="0">0</subfield>
    <subfield code="1">0</subfield>
    <subfield code="4">0</subfield>
    <subfield code="7">0</subfield>
    <subfield code="8">RAFP</subfield>
    <subfield code="a">MAIN</subfield>
    <subfield code="b">MAIN</subfield>
    <subfield code="d">2026-02-24</subfield>
    <subfield code="l">0</subfield>
    <subfield code="o">340.59 TEG</subfield>
    <subfield code="p">RAF5367</subfield>
    <subfield code="r">2026-02-24</subfield>
    <subfield code="w">2026-02-24</subfield>
    <subfield code="y">BK</subfield>
  </datafield>
  <datafield tag="952" ind1=" " ind2=" ">
    <subfield code="0">0</subfield>
    <subfield code="1">0</subfield>
    <subfield code="4">0</subfield>
    <subfield code="7">0</subfield>
    <subfield code="8">RAFP</subfield>
    <subfield code="a">MAIN</subfield>
    <subfield code="b">MAIN</subfield>
    <subfield code="d">2026-02-24</subfield>
    <subfield code="l">0</subfield>
    <subfield code="o">340.59 TEG</subfield>
    <subfield code="p">RAF5368</subfield>
    <subfield code="r">2026-02-25</subfield>
    <subfield code="w">2026-02-25</subfield>
    <subfield code="y">BK</subfield>
  </datafield>
  <datafield tag="952" ind1=" " ind2=" ">
    <subfield code="0">0</subfield>
    <subfield code="1">0</subfield>
    <subfield code="4">0</subfield>
    <subfield code="7">0</subfield>
    <subfield code="8">RAFP</subfield>
    <subfield code="a">MAIN</subfield>
    <subfield code="b">MAIN</subfield>
    <subfield code="d">2026-02-24</subfield>
    <subfield code="l">0</subfield>
    <subfield code="o">340.59 TEG</subfield>
    <subfield code="p">RAF5369</subfield>
    <subfield code="r">2026-02-25</subfield>
    <subfield code="w">2026-02-25</subfield>
    <subfield code="y">BK</subfield>
  </datafield>
  <datafield tag="999" ind1=" " ind2=" ">
    <subfield code="c">4974</subfield>
    <subfield code="d">4974</subfield>
  </datafield>
</record>
